Tôn giáo ở miền Nam đấu tranh chống Mỹ Diệm /
Gorde:
| Egile nagusia: | |
|---|---|
| Formatua: | Sách giấy |
| Hizkuntza: | Vietnamese |
| Argitaratua: |
H. :
Phổ thông,
1962.
|
| Etiketak: |
Etiketa erantsi
Etiketarik gabe, Izan zaitez lehena erregistro honi etiketa jartzen!
|
| Thư viện lưu trữ: | Thư viện Trường Đại học Đà Lạt |
|---|
| LEADER | 00633nam a2200277 4500 | ||
|---|---|---|---|
| 001 | DLU140159314 | ||
| 005 | ##20140124 | ||
| 040 | # | # | |a DLU |b vie |
| 041 | # | # | |a vie |
| 044 | # | # | |a vn |
| 082 | # | # | |a 959.704 2 |b HU-L |
| 100 | # | # | |a Hùng Lý. |
| 245 | # | # | |a Tôn giáo ở miền Nam đấu tranh chống Mỹ Diệm / |c Hùng Lý. |
| 260 | # | # | |a H. : |b Phổ thông, |c 1962. |
| 300 | # | # | |a 39 tr. ; |c 19 cm. |
| 923 | # | # | |a TL |
| 991 | # | # | |a SH |
| 992 | # | # | |a 13 |
| 994 | # | # | |a DLU |
| 900 | # | # | |a True |
| 911 | # | # | |a Trương Thị Mỹ Lệ |
| 925 | # | # | |a G |
| 926 | # | # | |a A |
| 927 | # | # | |a SH |
| 980 | # | # | |a Thư viện Trường Đại học Đà Lạt |